| 000 | 00455nam a2200169Ia 4500 | ||
|---|---|---|---|
| 003 | GCL | ||
| 008 | 140319s9999 xx 000 0 eng d | ||
| 040 |
_aGCL / _cGCL |
||
| 082 | 0 | 4 |
_a618.88 _bB A |
| 100 | 1 | _aBROWSE, NORMANL | |
| 245 | 1 | 0 |
_aAN INTRODUCTION TO THE SYMPTOMS AND SIGNS OF SURGICAL DISEASE / _cBROWSE, NORMANL |
| 260 |
_a[S.N] : _bELBS ، _c1992 |
||
| 300 | _a454 P | ||
| 650 | 0 | 4 | _aSURGERY |
| 650 | 0 | 4 | _aCLINICAL MEDICINE |
| 942 |
_2ddc _cBK |
||
| 999 |
_c20568 _d20568 |
||